Finanzas de empresas /

Bibliographic Details
Main Author: Proaño, Bladimir (Author)
Format: Electronic eBook
Language:Spanish
Published: Cuenca, Ecuador : Universidad del Azuay, Casa Editora, [2018]
Subjects:
Online Access:Digitalia Hispánica

MARC

LEADER 00000nam a2200000Ii 4500
001 DIGUAZUAY0031
003 NyNyDIG
006 m o d
007 cr |||||||||||
008 251104s2018 ec ob 000 0 spa d
035 |a (OCoLC)1438851318 
040 |a DGITA  |b eng  |e rda  |e pn  |c DGITA 
020 |a 9789942778093  |q eBook 
020 |z 9789942778086  |q impreso 
050 1 4 |a HG4026 ebook 
100 1 |a Proaño, Bladimir,  |e author. 
245 1 0 |a Finanzas de empresas /  |c Bladimir Proaño. 
264 1 |a Cuenca, Ecuador :  |b Universidad del Azuay, Casa Editora,  |c [2018] 
300 |a 1 online resource. 
336 |a text  |b txt  |2 rdacontent 
337 |a computer  |b c  |2 rdamedia 
338 |a online resource  |b cr  |2 rdacarrier 
347 |a text file  |2 rdaft 
347 |b PDF 
504 |a Includes bibliographical references. 
588 0 |a Online resource; title from PDF title page (Digitalia, viewed November 4, 2025) 
650 0 |a Business enterprises  |x Finance. 
650 0 |a Corporations  |x Finance. 
791 2 |a Digitalia (Firm),  |e distributor. 
793 0 |g Digitalia eBook Collection:  |a Universidad del Azuay 
776 0 8 |i Print version:  |a Proaño, Bladimir.  |t Finanzas de empresas.  |d Cuenca, Ecuador : Universidad del Azuay, Casa Editora, [2018]  |z 9789942778086 
856 4 0 |3 Digitalia Hispánica  |u https://www.digitaliapublishing.com/a/133414/ 
910 |a Premium collection: 2025